Livestock Breeding: From concept to application/ (Record no. 192212)

MARC details
000 -LEADER
fixed length control field 00568nam a22001817a 4500
005 - DATE AND TIME OF LATEST TRANSACTION
control field 20220914103418.0
010 ## - LCCN (DPL NO)
LC control number ENG-135067
020 ## - INTERNATIONAL STANDARD BOOK NUMBER
International Standard Book Number 978-81-7164-178-9
Terms of availability 580.00
035 ## - SYSTEM CONTROL NUMBER
System control number EN-118599
037 ## - SOURCE OF ACQUISITION
Source of stock number/acquisition DBAD/PUB
082 ## - DEWEY DECIMAL CLASSIFICATION NUMBER
Classification number 521
100 ## - MAIN ENTRY--PERSONAL NAME
Personal name Umesh Singh
245 ## - TITLE STATEMENT
Title Livestock Breeding: From concept to application/
Remainder of title Umesh Singh at all
260 ## - PUBLICATION, DISTRIBUTION, ETC. (IMPRINT)
Place of publication, distribution, etc New Delhi
Name of publisher, distributor, etc Indian Council of Agricultural Research
Date of publication, distribution, etc 2018
270 ## - ADDRESS
Address Krishi Anusandhan Bhavan I, Pusa
City New Delhi
Postal code 110012
300 ## - PHYSICAL DESCRIPTION
Extent 275p.
Dimensions 22cm(pbk)
942 ## - ADDED ENTRY ELEMENTS (KOHA)
Source of classification or shelving scheme Dewey Decimal Classification
Item type English Books
Classification part 521
Call number suffix UME
Holdings
Withdrawn status Lost status Not for loan Collection code Home library Current library Date acquired Source of acquisition Cost, normal purchase price Full call number Barcode Copy number Cost, replacement price Koha item type
      Non-fiction Bawana Bawana 14/09/2022 DBAD/PUB 580.00 521 UME EN-118599 1 580.00 English Books

© Delhi Public Library
Hit Counter
free hit counter